00771nam a2200217Ia 4500003000900000008004100009020001800050040001600068080001500084100003400099245012700133260004100260300001600301650002700317650001400344650001900358650001900377942000700396999001700403952013300420IN-BaIIA211028s9999 xx 000 0 eng d a1-86094-447-7 cIIA Library a523.1bGLE aGlendenning, Norman K.921613 0aAfter the beginningba cosmic journey through spcae and timecNorman K. Glendenning  aLondonbImperial College Pressc2004 axvii, 208p. aBig bang theory911290 aCosmology aGalaxies91286 aStar formation cBK c15811d15811 00104070aBANbBANcGENd2005-01-25eNEB g2536.90l0o523.1/ GLEp16733r2021-11-05v2536.90w2005-01-25yBKGRs. 2536.90